LIBRARY & INFORMATION CENTRE, KCAET, TAVANUR

ONLINE PUBLIC ACCESS CATALOGUE (OPAC)

Text book of food science (Record no. 13938)

MARC details
000 -LEADER
fixed length control field 00301nam a22001217a 4500
020 ## - INTERNATIONAL STANDARD BOOK NUMBER
ISBN 9789381604434
082 ## - DEWEY DECIMAL CLASSIFICATION NUMBER
Classification number 664
Item number SIN/TE
100 ## - MAIN ENTRY--AUTHOR NAME
Personal name Singh, Anju
245 ## - TITLE STATEMENT
Title Text book of food science
260 ## - PUBLICATION, DISTRIBUTION, ETC. (IMPRINT)
Place of publication Delhi
Name of publisher Vista International Publishing House
Year of publication 2012
700 ## - ADDED ENTRY--PERSONAL NAME
Personal name Kalpana Bhardwaj
942 ## - ADDED ENTRY ELEMENTS (KOHA)
Koha item type Books
Holdings
Withdrawn status Lost status Damaged status Collection code Home library Current library Shelving location Date acquired Source of acquisition Cost, normal purchase price Full call number Accession Number Koha item type
      Non-fiction KAUAET KAUAET General Stacks 30/03/2013 Penta Book Distributors 1095.00 664 SIN/TE 23755 Books
free website counter